Personnage des Mondes de Ralph par image - Statistiques

Statistiques générales
  • Ce quiz a été pris 77 fois
  • Le résultat moyen est 5 sur 33
Statistiques - réponses
Par images Réponse % Correct
Ralph La Casse
100%
Vanellope Von Schweetz
86%
Felix Fixe Junior
65%
Sa Sucrerie
45%
Turbo
36%
Tapper
21%
Taffyta Crème Brûlée
14%
Q*Bert
12%
Sergent Calhoun
11%
Stan Litwak
11%
Aigre Bill
9%
Adele Machandelle
8%
Jean-Hubert Lingot
8%
Gene
6%
Bienaimé Malarkey
5%
Carlotta Bling-Bling
5%
Markowski
5%
Ninou Gatine
5%
Suzette Alanis
5%
Armelita Di Caramella
3%
Arnold Trufforange
3%
Barbara Pappas
3%
Citrusella Flugpucker
3%
Deanna
3%
Lucy
3%
Meg
3%
Nel
3%
Nolan
3%
Nougetsia Brumblestain
3%
Roy
3%
Sticky Wipplesnit
3%
Torvald Batterbutter
3%
Norwood
2%
Aucun quiz correspondant
Distribution des résultats
% des personnes avec chaque résultat
Percentile par nombre de réponses
Votre historique - résultats
Vous n’avez pas pris ce quiz